Dettagli MARC
| 000 -LEADER |
| fixed length control field |
02706njm a2200457Ia 4500 |
| 001 - CONTROL NUMBER |
| control field |
B9201 |
| 003 - CONTROL NUMBER IDENTIFIER |
| control field |
IT-RoPAU |
| 005 - DATE AND TIME OF LATEST TRANSACTION |
| control field |
20220918181112.0 |
| 008 - FIXED-LENGTH DATA ELEMENTS--GENERAL INFORMATION |
| fixed length control field |
131025s9999 xx 000 0 und d |
| 040 ## - CATALOGING SOURCE |
| Original cataloging agency |
IT-RoPAU |
| 040 ## - CATALOGING SOURCE |
| Transcribing agency |
IT-RoPAU |
| 999 ## - SYSTEM CONTROL NUMBERS (KOHA) |
| Koha Dewey Subclass [OBSOLETE] |
n.d. |
| 100 ## - MAIN ENTRY--PERSONAL NAME |
| Personal name |
AA.VV. |
| 9 (RLIN) |
794 |
| 100 ## - MAIN ENTRY--PERSONAL NAME |
| Relator term |
Autore musica |
| 9 (RLIN) |
29479 |
| 100 ## - MAIN ENTRY--PERSONAL NAME |
| Miscellaneous information |
Codice autore musica SPICS: 12000 |
| 9 (RLIN) |
796 |
| 245 ## - TITLE STATEMENT |
| Title |
In That Dawn of Music |
| 250 ## - EDITION STATEMENT |
| Edition statement |
2a ed. |
| 260 ## - PUBLICATION, DISTRIBUTION, ETC. (IMPRINT) |
| Place of publication, distribution, etc. |
MILANO |
| 260 ## - PUBLICATION, DISTRIBUTION, ETC. (IMPRINT) |
| Name of publisher, distributor, etc. |
RUSCONI |
| Date of publication, distribution, etc. |
1993 [1a Ed.:0] |
| 300 ## - PHYSICAL DESCRIPTION |
| Extent |
COMPACT DISC |
| 300 ## - PHYSICAL DESCRIPTION |
| Dimensions |
65 minuti (Testo: 0 pag.) |
| 500 ## - GENERAL NOTE |
| General note |
Musica jazz. Compact disc fuori commercio allegato al n. 10 1993 della rivista "Musica jazz". |
| 505 ## - FORMATTED CONTENTS NOTE |
| Formatted contents note |
Someday My Prince Will Come [(Radio Danese, Copenaghen, 13 agosto 1990) (8:00)] - Impromptu n. 5 [(Ivrea, 12 marzo 1993) (5:00)] - Anthropology [(Roccella Jonica, 27 agosto 1992) (7:00)] - What's What [(Fabrik, Amburgo, 21 novembre 1992) (13:00)] - Je ne sais quoi [(Radio de la Suisse Romande, Losanna, 13 dicembre 1990) (9:00)] - Straight No Chaser [(Roccella Jonica, 27 agosto 1992) (5:00)] - In That Dawn of Music [(Roma, 18 aprile 1990) (8:00)] - Someday My Prince Will Come (Jazzhouse, Copenaghen, 20 novembre 1992) (12:00)] |
| 511 ## - PARTICIPANT OR PERFORMER NOTE |
| Participant or performer note |
Pieranunzi Enrico: p; Vinding Mads: cb; Riel Alex: batt |
| 511 ## - PARTICIPANT OR PERFORMER NOTE |
| Participant or performer note |
Pieranunzi Enrico: p |
| 511 ## - PARTICIPANT OR PERFORMER NOTE |
| Participant or performer note |
Pieranunzi Enrico: p; Motian Paul: batt |
| 511 ## - PARTICIPANT OR PERFORMER NOTE |
| Participant or performer note |
Tonolo Piero: ten; Pieranunzi Enrico: p; Pietropaoli Enzo: cb; Sferra Fabrizio: batt |
| 511 ## - PARTICIPANT OR PERFORMER NOTE |
| Participant or performer note |
Pieranunzi Enrico: p; Johnson Marc: cb |
| 511 ## - PARTICIPANT OR PERFORMER NOTE |
| Participant or performer note |
Pieranunzi Enrico: p; Motian Paul: batt |
| 511 ## - PARTICIPANT OR PERFORMER NOTE |
| Participant or performer note |
D'Anna Stefano: ten; Pieranunzi Enrico: p; Pietropaoli Enzo: cb; Gatto Roberto: batt |
| 511 ## - PARTICIPANT OR PERFORMER NOTE |
| Participant or performer note |
Pieranunzi Enrico: p; Pietropaoli Enzo: cb; Sferra Fabrizio: batt |
| 650 ## - SUBJECT ADDED ENTRY--TOPICAL TERM |
| Topical term or geographic name as entry element |
JAZZ [COMPACT DISC] |
| Relator term |
Codice MATERIA SPICS: 9949 |
| 9 (RLIN) |
11822 |
| 700 ## - ADDED ENTRY--PERSONAL NAME |
| Personal name |
Pieranunzi Enrico |
| Relator term |
Interprete |
| Miscellaneous information |
Codice interprete SPICS: 16333 |
| 9 (RLIN) |
29480 |
| 700 ## - ADDED ENTRY--PERSONAL NAME |
| Personal name |
Morey Larry |
| Relator term |
Autore musica |
| Miscellaneous information |
Codice autore musica SPICS: 38373 |
| Name of part/section of a work |
Someday My Prince Will Come - Someday My Prince Will Come |
| 9 (RLIN) |
29481 |
| 700 ## - ADDED ENTRY--PERSONAL NAME |
| Personal name |
Churchill Frank |
| Relator term |
Autore |
| Miscellaneous information |
Codice autore SPICS: 38374 |
| Name of part/section of a work |
Someday My Prince Will Come - Someday My Prince Will Come |
| 9 (RLIN) |
29482 |
| 700 ## - ADDED ENTRY--PERSONAL NAME |
| Personal name |
Pieranunzi Enrico |
| Relator term |
Autore musica |
| Miscellaneous information |
Codice autore musica SPICS: 16333 |
| Name of part/section of a work |
Impromptu n. 5 - What's What - Je ne sais quoi - In That Dawn of Music |
| 9 (RLIN) |
29483 |
| 700 ## - ADDED ENTRY--PERSONAL NAME |
| Personal name |
Parker Charlie (B.) |
| Relator term |
Autore musica |
| Miscellaneous information |
Codice autore musica SPICS: 10799 |
| Name of part/section of a work |
Anthropology |
| 9 (RLIN) |
29484 |
| 700 ## - ADDED ENTRY--PERSONAL NAME |
| Personal name |
Gillespie Dizzy |
| Relator term |
Autore |
| Miscellaneous information |
Codice autore SPICS: 10777 |
| Name of part/section of a work |
Anthropology |
| 9 (RLIN) |
29485 |
| 700 ## - ADDED ENTRY--PERSONAL NAME |
| Personal name |
Monk Thelonious |
| Relator term |
Autore musica |
| Miscellaneous information |
Codice autore musica SPICS: 10795 |
| Name of part/section of a work |
Straight No Chaser |
| 9 (RLIN) |
29486 |
| 942 ## - ADDED ENTRY ELEMENTS (KOHA) |
| Koha item type |
CD AUDIO |
| Source of classification or shelving scheme |
Dewey Decimal Classification |